000 01158nam a2200313Ia 4500
001 ebr10131899
003 CaPaEBR
006 m u
007 cr cn|||||||||
008 040622s2005 caua s 001 0 eng d
010 _z 2004109318
020 _z0782150799
020 _z0782143784
040 _aCaPaEBR
_cCaPaEBR
035 _a(OCoLC)608821994
050 1 4 _aQA76.76.H94
_bD4187 2005eb
082 0 4 _a006.7/4
_222
100 1 _aDeBolt, Virginia.
245 1 0 _aIntegrated HTML and CSS
_h[electronic resource] :
_ba smarter, faster way to learn /
_cVirginia DeBolt.
260 _aSan Francisco :
_bSYBEX,
_cc2005.
300 _axix, 377 p. :
_bill.
500 _aIncludes index.
533 _aElectronic reproduction.
_bPalo Alto, Calif. :
_cebrary,
_d2009.
_nAvailable via World Wide Web.
_nAccess may be limited to ebrary affiliated libraries.
650 0 _aHTML (Document markup language)
650 0 _aCascading style sheets.
655 7 _aElectronic books.
_2local
710 2 _aebrary, Inc.
856 4 0 _uhttp://site.ebrary.com/lib/rucke/Doc?id=10131899
_zAn electronic book accessible through the World Wide Web; click to view
999 _c183426
_d183426